Dance Moms H dances - Statistics

General Stats
  • This quiz has been taken 45 times
  • The average score is 15 of 22
Answer Stats
Picture Answer % Correct
Helen Keller
95%
Hero
95%
Hostage
95%
Happiness
89%
Home Again
89%
Honey Bee
89%
Hollywood
84%
Hurt them first
79%
Hear no evil
74%
Hear no evil see no evil speak no evil
74%
The Huntress
74%
Hear me roar
68%
Haunted
63%
Head Over Heels
58%
Hot List
53%
House of Voodoo
53%
Holla
47%
Hollywood Stars
47%
The Heist
47%
Hold On
42%
Hungry Like the Wolves
32%
Hands up
21%
No matching quizzes found
Score Distribution
Percent of People with Each Score
Percentile by Number Answered
Your Score History
You have not taken this quiz